Mediación familiar y social en diferentes contextos

Saved in:
Bibliografiske detaljer
Hovedforfatter: Poyatos García, Ana (Author)
Format: Bog
Sprog:spansk
Udgivet: Valencia PUV 2003
Udgivelse:1a. ed
Serier:Colección Trabajo Social, 2
Fag:
Tags: Tilføj Tag
Ingen Tags, Vær først til at tagge denne postø!

MARC

LEADER 00000nam a2200000 a 4500
001 UCK7315
003 CL-VaPUC
008 051118e20030000SP |||||||||||||||||spa|d
020 |a 8474626968 
082 0 4 |a 303.69  |b POY  |2 21 
100 0 |a Poyatos García, Ana  |e author  |9 496832 
245 1 0 |a Mediación familiar y social en diferentes contextos 
250 |a 1a. ed 
300 |a 302 p 
942 |c BK 
945 |d 20051118 00:00:00  |a cmena 
260 |a Valencia  |b PUV  |c 2003 
650 0 |a Mediación  |9 338396 
650 0 |a Resolución de conflictos  |9 434922 
650 0 |a Negociación  |9 307187 
650 0 |a Derecho de familia  |9 255603 
650 0 |a Psicología social   |9 222894 
583 |a last modification  |c 20051118 00:00:00  |k Rodrigo Vera 
490 0 |a Colección Trabajo Social, 2 
999 |c 315314  |d 315312 
952 |0 0  |1 0  |4 0  |6 303_690000000000000_POY_2003  |7 0  |8 A  |9 388409  |a BIBDER  |b BIBDER  |d 2019-11-22  |i 4175573  |o 303.69 POY 2003  |p 4175573  |r 2023-01-25  |w 2019-11-22  |y BK  |k DER